[Event "Obninsk"]
[Site "Obninsk"]
[Date "2008.02.29"]
[Round "9"]
[White "Balym, Pavel"]
[Black "Kovalev, Vladislav"]
[Result "0-1"]
[WhiteElo "2163"]
[BlackElo "2184"]
[PlyCount "96"]
[EventDate "2008.02.24"]
[EventType "tourn"]
[EventRounds "13"]
[EventCountry "RUS"]
[SourceTitle "CBM 123 Extra"]
[Source "ChessBase"]
[SourceDate "2008.05.06"]
[SourceVersion "1"]
[SourceVersionDate "2008.05.06"]
[SourceQuality "1"]

1. d4 Nf6 2. c4 e5 3. dxe5 Ng4 4. Nf3 Bc5 5. e3 Nc6 6. a3 a5 7. Qd5 Qe7 8. Nc3 Ngxe5 9. Nxe5 Nxe5 10. Ne4 Ba7 11. Ng3 Bb6 12. b3 d6 13. Be2 0-0 14. Bb2 Bd7 15. 0-0 Bc6 16. Qd2 f5 17. b4 Rae8 18. Rae1 Qf7 19. Qc2 Ba7 20. Bd4 Bxd4 21. exd4 Ng6 22. d5 Bd7 23. f4 Re3 24. Bh5 Rxa3 25. Qb2 axb4 26. Qxb4 Ra7 27. Re3 Re8 28. Rxe8+ Qxe8 29. Re1 Qf8 30. Qd2 Ra4 31. Be2 Qf6 32. Nh5 Qf7 33. Bd3 Nf8 34. Ng3 Qf6 35. Re3 Ng6 36. Nh5 Qh4 37. Rh3 Ra1+ 38. Bf1 Qe1 39. Qxe1 Rxe1 40. Kf2 Re4 41. Kf3 c6 42. Bd3 cxd5 43. cxd5 Ra4 44. Ke3 Ne7 45. Rg3 Nxd5+ 46. Kd2 g6 47. Rg5 Kf7 48. Bc2 Rd4+ 0-1

[Event "Obninsk"]
[Site "Obninsk"]
[Date "2008.02.29"]
[Round "8"]
[White "Ni, Viktorija"]
[Black "Balym, Pavel"]
[Result "1-0"]
[WhiteElo "2132"]
[BlackElo "2163"]
[PlyCount "53"]
[EventDate "2008.02.24"]
[EventType "tourn"]
[EventRounds "13"]
[EventCountry "RUS"]
[SourceTitle "CBM 123 Extra"]
[Source "ChessBase"]
[SourceDate "2008.05.06"]
[SourceVersion "1"]
[SourceVersionDate "2008.05.06"]
[SourceQuality "1"]

1. d4 d5 2. c4 c6 3. Nf3 Nf6 4. Qc2 Nbd7 5. Nbd2 e6 6. e3 Bd6 7. Bd3 h6 8. 0-0 0-0 9. Rd1 c5 10. cxd5 exd5 11. dxc5 Nxc5 12. Nb3 Nxd3 13. Qxd3 Bg4 14. Nbd4 Ne4 15. h3 Be6 16. Bd2 a6 17. Bc3 Qd7 18. Ne2 g5 19. Ned4 h5 20. Nxe6 fxe6 21. Nxg5 Nxc3 22. Qg6+ Qg7 23. Qxe6+ Kh8 24. bxc3 Rf6 25. Qxd5 Rg8 26. Nf7+ Rxf7 27. Qxh5+ 1-0

[Event "Obninsk"]
[Site "Obninsk"]
[Date "2008.02.25"]
[Round "2"]
[White "Balym, Pavel"]
[Black "Shkuran, Danylo"]
[Result "0-1"]
[WhiteElo "2163"]
[BlackElo "2437"]
[PlyCount "116"]
[EventDate "2008.02.24"]
[EventType "tourn"]
[EventRounds "13"]
[EventCountry "RUS"]
[SourceTitle "CBM 123 Extra"]
[Source "ChessBase"]
[SourceDate "2008.05.06"]
[SourceVersion "1"]
[SourceVersionDate "2008.05.06"]
[SourceQuality "1"]

1. d4 d5 2. c4 c6 3. Nc3 Nf6 4. Nf3 dxc4 5. a4 e6 6. e3 Bb4 7. Bxc4 Qa5 8. Qc2 0-0 9. 0-0 Nbd7 10. Na2 Bd6 11. Bd2 Qh5 12. e4 e5 13. Bb4 Bxb4 14. Nxb4 exd4 15. Rfe1 Re8 16. Nd3 Ng4 17. h3 Nge5 18. Nxd4 Nxd3 19. Bxd3 Ne5 20. Bf1 Qg5 21. Ra3 Qf6 22. Ne2 Ng6 23. Rf3 Qe5 24. Ng3 Be6 25. Bc4 Qa5 26. Qc3 Qxc3 27. Rxc3 Bxc4 28. Rxc4 Rad8 29. Nf5 Ne5 30. Rc2 g6 31. Ng3 f5 32. f4 Nd3 33. Re3 Nxf4 34. Rf3 Nd3 35. Rd2 Ne5 36. Rff2 Rxd2 37. Rxd2 f4 38. Ne2 g5 39. Nc3 Kf7 40. b4 Ke7 41. b5 Rd8 42. Rc2 Rd4 43. a5 Rc4 44. a6 bxa6 45. bxc6 Ke6 46. c7 Rxc7 47. Nb5 Rxc2 48. Nd4+ Kd6 49. Nxc2 Kc5 50. Kf2 Kc4 51. Ke2 Kc3 52. Ne1 a5 53. Nf3 Nxf3 54. gxf3 Kd4 55. Kd2 h5 56. Kc2 g4 57. hxg4 hxg4 58. fxg4 Kxe4 0-1

[Event "RUS-chT U18"]
[Site "Sochi"]
[Date "2007.05.09"]
[Round "?"]
[White "Balym, Pavel"]
[Black "Ustinov, A."]
[Result "0-1"]
[WhiteElo "2047"]
[BlackElo "1925"]
[PlyCount "37"]
[EventDate "2007.05.02"]
[EventType "team"]
[EventRounds "9"]
[EventCountry "RUS"]
[SourceTitle "CBM 118 Extra"]
[Source "ChessBase"]
[SourceDate "2007.07.04"]
[SourceVersion "1"]
[SourceVersionDate "2007.07.04"]
[SourceQuality "1"]

1. d4 g6 2. c4 Bg7 3. e4 d6 4. Nc3 Nc6 5. d5 Nd4 6. Be3 c5 7. Nge2 Qb6 8. Qd2 Bg4 9. h3 Bxe2 10. Bxe2 Qa5 11. 0-0 Nxe2+ 12. Nxe2 Qxd2 13. Bxd2 Nf6 14. Nc3 Nd7 15. f4 0-0 16. Rae1 a6 17. a4 Bd4+ 18. Kh1 Rfb8 19. Ra1 0-1

[Event "RUS-chT U18"]
[Site "Sochi"]
[Date "2007.05.08"]
[Round "?"]
[White "Bazeev, German"]
[Black "Balym, Pavel"]
[Result "1/2-1/2"]
[WhiteElo "2153"]
[BlackElo "2047"]
[PlyCount "76"]
[EventDate "2007.05.02"]
[EventType "team"]
[EventRounds "9"]
[EventCountry "RUS"]
[SourceTitle "CBM 118 Extra"]
[Source "ChessBase"]
[SourceDate "2007.07.04"]
[SourceVersion "1"]
[SourceVersionDate "2007.07.04"]
[SourceQuality "1"]

1. e4 c6 2. d4 d5 3. Nd2 dxe4 4. Nxe4 Bf5 5. Nc5 Qc7 6. Nf3 e5 7. Qe2 Bxc5 8. dxc5 Nd7 9. Nd4 Bg6 10. Nb3 Nxc5 11. Nxc5 Qa5+ 12. Bd2 Qxc5 13. Bc3 0-0-0 14. g3 f6 15. Bh3+ Kb8 16. 0-0 Ne7 17. Rac1 Nd5 18. Bd2 h5 19. a3 h4 20. Bg2 hxg3 21. hxg3 Qd6 22. Ba5 Rd7 23. c4 Nc7 24. Rfd1 Qe6 25. Rxd7 Qxd7 26. Rd1 Qe6 27. Qd2 Kc8 28. Bxc7 Kxc7 29. Qa5+ Kb8 30. Rd8+ Rxd8 31. Qxd8+ Qc8 32. Qd6+ Ka8 33. b4 e4 34. Bh3 Qb8 35. Qe7 e3 36. Qxe3 Qd8 37. Bf1 Qd6 38. b5 c5 1/2-1/2